Jadilah hamba Allah yang sejati

Bibliographic Details
Main Author: Al-Qarni, 'Aidh Abdullah
Other Authors: Mohd Puzhi Usop, Murtadho Ridwan
Format: Book
Published: Kuala Lumpur : Al-Hidayah Publication , 2008
Subjects:

MARC

LEADER 00000cam a2200000 7i4500
001 0000028425
005 20091207.0
008 091207
020 |a 9789830998268 
090 0 0 |a 297.74   |b QAR 
100 1 |a Al-Qarni, 'Aidh Abdullah 
245 1 0 |a Jadilah hamba Allah yang sejati   |c Dr. 'Aidh Abdullah al-Qarni; penterjemah:Murtadho Ridwan ; disemak oleh Mohd Puzhi Usop 
260 |a Kuala Lumpur :   |b Al-Hidayah Publication ,   |c 2008 
650 0 |a Da'wah (Islam) 
650 0 |a Islam   |x Missions 
700 0 |a Mohd Puzhi Usop 
700 0 |a Murtadho Ridwan 
999 |a 0001059011   |b Book   |c Adult Collection   |e Perbadanan Perpustakaan Awam Johor 
999 |a 0001059012   |b Book   |c Adult Collection   |e Perbadanan Perpustakaan Awam Johor 
999 |a 0001059013   |b Book   |c Adult Collection   |e Perbadanan Perpustakaan Awam Johor 
999 |a 0001059014   |b Book   |c Adult Collection   |e Perbadanan Perpustakaan Awam Johor